Y. L. Peretz in der yidisher dikhtung. (Record no. 31633)
[ view plain ]
| 000 -LEADER | |
|---|---|
| fixed length control field | 00799cam a22002411a 4500 |
| 001 - CONTROL NUMBER | |
| control field | he 66000575 |
| 003 - CONTROL NUMBER IDENTIFIER | |
| control field | DLC |
| 005 - DATE AND TIME OF LATEST TRANSACTION | |
| control field | 20260227111437.0 |
| 008 - FIXED-LENGTH DATA ELEMENTS--GENERAL INFORMATION | |
| fixed length control field | 820628s1965 is ac 000 0 yid |
| 010 ## - LIBRARY OF CONGRESS CONTROL NUMBER | |
| LC control number | he 66000575 |
| 035 ## - SYSTEM CONTROL NUMBER | |
| System control number | (OCoLC)8557757 |
| 040 ## - CATALOGING SOURCE | |
| Original cataloging agency | DLC |
| Transcribing agency | MdBE |
| Modifying agency | PPiU |
| -- | OCoLC |
| -- | NcD |
| -- | DLC |
| 042 ## - AUTHENTICATION CODE | |
| Authentication code | premarc |
| 050 00 - LIBRARY OF CONGRESS CALL NUMBER | |
| Classification number | PJ5129.P4 |
| Item number | Z42 |
| 245 00 - TITLE STATEMENT | |
| Title | Y. L. Peretz in der yidisher dikhtung. |
| 260 ## - PUBLICATION, DISTRIBUTION, ETC. | |
| Place of publication, distribution, etc. | Tel Aviv, Israel : |
| Name of publisher, distributor, etc. | I.L. Peretz Pub. House, |
| Date of publication, distribution, etc. | 1965. |
| 300 ## - PHYSICAL DESCRIPTION | |
| Extent | 222 p. : |
| Other physical details | ill., port. ; |
| Dimensions | 23 cm. |
| 500 ## - GENERAL NOTE | |
| General note | "Editing by Nachman Meisel."--T.p. verso. |
| 500 ## - GENERAL NOTE | |
| General note | Title on added t.p.: J.L. Peretz in der jdisher Dichtung. |
| 600 10 - SUBJECT ADDED ENTRY--PERSONAL NAME | |
| Personal name | Peretz, Isaac Leib, |
| Dates associated with a name | 1851 or 1852-1915. |
| 700 1# - ADDED ENTRY--PERSONAL NAME | |
| Personal name | Mayzel, Nachman, |
| Dates associated with a name | 1887-1966. |
| 740 0# - ADDED ENTRY--UNCONTROLLED RELATED/ANALYTICAL TITLE | |
| Uncontrolled related/analytical title | J. L. Peretz in der jdisher Dichtung. |
No items available.